Thiết kế máy thu vô tuyến điện T. 1

Cách chọn phương án, tính toán, lập sơ đồ khối, tính toán chi tiết tầng mạch vào và tầng tách sóng cho máy thu vô tuyến điện

में बचाया:
ग्रंथसूची विवरण
मुख्य लेखक: Kiền Vĩnh Khánh
अन्य लेखक: Đinh Viết Thản (Tác giả), Nguyễn Đức Phong (Tác giả)
स्वरूप: पुस्तक
भाषा:Vietnamese
प्रकाशित: H. Khoa học và kỹ thuật 1971
विषय:
टैग : टैग जोड़ें
कोई टैग नहीं, इस रिकॉर्ड को टैग करने वाले पहले व्यक्ति बनें!
Thư viện lưu trữ: Mạng thư viện Đại học Đà Nẵng
LEADER 01472nam a22003858a 4500
001 000008358
003 4545
005 20111017091000.0
008 111017s1971 b 000 0 vieod
020 |c 1500đ  |d 5115b 
041 0 |a vie 
082 |a 621.384  |b KI-K 
084 |a F 
100 1 |a Kiền Vĩnh Khánh 
245 1 0 |a Thiết kế máy thu vô tuyến điện  |c Kiền Vĩnh Khánh (ch.b), Đinh Viết Thản, Nguyễn Đức Phong  |n T. 1 
260 |a H.  |b Khoa học và kỹ thuật  |c 1971 
300 |a 370tr  |c 19cm 
505 |a T. 1 
520 |a Cách chọn phương án, tính toán, lập sơ đồ khối, tính toán chi tiết tầng mạch vào và tầng tách sóng cho máy thu vô tuyến điện 
653 |a Thiết kế 
653 |a máy thu vô tuyến điện 
700 1 |a Đinh Viết Thản  |e Tác giả 
700 1 |a Nguyễn Đức Phong  |e Tác giả 
773 |t Thiết kế máy thu vô tuyến điện  |w 4546 
910 |a Nguyễn Thị Kim Oanh  |d 17/10/2011 
OWN |a LSP 
AVA |a UDN50  |b LSP  |d 621.384 KI-K  |e unavailable  |t Error 5002 Not defined in file expand_doc_bib_avail.  |f 1  |g 1  |h N  |i 0  |k 1 
999 |a From the UDN01 
AVA |a UDN50  |b LSP  |d 621.384 KI-K  |e unavailable  |t Error 5002 Not defined in file expand_doc_bib_avail.  |f 1  |g 1  |h N  |i 0  |k 1 
TYP |a Monograph 
TYP |a Printed language 
980 |a Mạng thư viện Đại học Đà Nẵng